000 00952cam a2200277 a 4500
001 1428
003 BD-RjUL
005 20211208233333.0
008 131125s1949 nyuac b 001 0 eng
035 _a(BD-RjUL) 1450
035 _a(OCoLC)938620
040 _aDLC
_cOClW-H
_dOCoLC
_dDLC
_dBD-RjUL
_beng
041 _aeng
082 _a362.2
_bDEM 1952
100 1 _aDeutsch, Albert,
_d1905-1961.
_94227
245 1 4 _aThe mentally ill in America :
_ba history of their care and treatment from colonial times /
_cAlbert Deutsch.
250 _a2nd ed., rev. and enl.
260 _aNew York :
_bColumbia Univ. Press,
_c1949.
300 _axx, 555 p. :
_billus., ports. ;
_c23 cm.
504 _aIncludes index and Bibliography: p. [520]-537.
650 0 _aMentally ill
_xCare
_zUnited States
_xHistory.
_94228
650 0 _aMental illness
_xTreatment
_zUnited States
_xHistory.
_94229
942 _2ddc
_cBK
999 _c1428
_d1428